Países por set de LEGO - Estadísticas

Estadísticas generales
  • Esta prueba ha sido intentada 74 veces
  • La puntuación promedio es 10 de 12
Estadísticas de respuestas
Imagen Respuesta % Correcto
China
98%
Estados Unidos
98%
Italia
98%
Reino Unido
98%
Egipto
97%
Japón
97%
India
95%
Australia
89%
Francia
82%
Emiratos Árabes Unidos
80%
Alemania
50%
Singapur
47%
No se encontraron pruebas coincidentes
Distribución de puntuación
Porcentaje de gente con cada puntuación
Porcentaje por número respondido
Historial de tus puntuaciones
No has intentado esta prueba.